000 01060nam a2200265Ia 4500
001 ebr5000879
003 CaPaEBR
006 m u
007 cr cn|||||||||
008 010514s2001 ncu s 000 0 eng d
040 _aCaPaEBR
_cCaPaEBR
035 _a(OCoLC)450672591
050 1 4 _aB2580
_b.A3 2001eb
100 1 _aLeibniz, Gottfried Wilhelm,
_cFreiherr von,
_d1646-1716.
245 1 4 _aThe monadology
_h[electronic resource] /
_cby Gottfried Wilhelm Leibniz; translated by Robert Latta.
260 _aBlacksburg, VA :
_bVirginia Tech,
_c2001.
300 _a13 p.
533 _aElectronic reproduction.
_bPalo Alto, Calif. :
_cebrary,
_d2010.
_nAvailable via World Wide Web.
_nAccess may be limited to ebrary affiliated libraries.
650 0 _aMonadology
_vEarly works to 1800.
650 0 _aMetaphysics.
655 7 _aElectronic books.
_2local
700 1 _aLatta, Robert,
_d1865-
710 2 _aebrary, Inc.
856 4 0 _uhttp://site.ebrary.com/lib/rucke/Doc?id=5000879
_zAn electronic book accessible through the World Wide Web; click to view
999 _c17975
_d17975